Detalles MARC
| 000 -LIDER |
| fixed length control field |
01096nam a2200301 a 4500 |
| 001 - NÚMERO DE CONTROL |
| Identificador de número de control |
000021890 |
| 003 - IDENTIFICACDOR DE NÚMERO DE CONTROL |
| control field |
000021890 |
| 005 - DATE AND TIME OF LATEST TRANSACTION |
| control field |
20171011134404.0 |
| 008 - ELEMENTOS DE LONGITUD FIJA |
| fixed length control field |
100914s1975 dr 000 0 spa d |
| 040 ## - FUENTE DE CATALOGACIÓN |
| Agencia que crea de manera original el registro |
BPMSU |
| Idioma de catalogación |
spa |
| Agencia que realiza la transcripción |
BPMSU |
| 082 ## - NÚMERO DE CLASIFICACIÓN DECIMAL DE DEWEY |
| Edition number |
|
| Classification number |
972.93052 |
| Item number |
G216d |
| 100 1# - ASIENTO PRINCIPAL -- NOMBRE PERSONAL |
| Nombre personal |
García Godoy, Federico, |
| Fechas asociadas con el nombre |
1857-1924 |
| 245 13 - MENCIÓN DE TITULO |
| Título |
El derrumbe / |
| Mención de responsabilidad |
Federico García Godoy ; prólogo Juan Bosch. |
| 260 ## - PUBLICACIÓN, DISTRIBUCIÓN, ETC. (PIE DE IMPRENTA) |
| Lugar de publicación, distribución, etc |
Santo Domingo : |
| Nombre del editor, distribuidor, etc. |
UASD, |
| Fecha de publicación, distribución, etc |
1975. |
| 300 ## - DESCRIPCIÓN FÍSICA |
| Extensión |
177 p. ; |
| Dimensiones |
24 cm. |
| 490 1# - MENCIÓN DE SERIES |
| Mención de serie |
Publicaciones de la Universidad Autónoma de Santo Domingo |
| Volume/sequential designation |
170 |
| 490 1# - MENCIÓN DE SERIES |
| Mención de serie |
Historia y Sociedad |
| Volume/sequential designation |
16 |
| 651 #4 - ENCABEZAMIENTO DE MATERIA--NOMBRE GEOGRÁFICO |
| Nombre geográfico |
REPÚBLICA DOMINICANA |
| Subdivisión temática general |
HISTORIA |
| Subdivisión cronológica |
1844 |
| 651 #4 - ENCABEZAMIENTO DE MATERIA--NOMBRE GEOGRÁFICO |
| Nombre geográfico |
REPÚBLICA DOMINICANA |
| Subdivisión temática general |
HISTORIA |
| Subdivisión cronológica |
OCUPACIÓN NORTEAMERICANA, 1916-1924 |
| 700 1# - ASIENTO SECUNDARIO -- NOMBRE PERSONAL |
| Nombre personal |
Bosch, Juan, |
| Mención de responsabilidad |
pról. |
| 710 ## - ASIENTO SECUNDARIO -- NOMBRE CORPORATIVO |
| Nombre corporativo o de jurisdicción |
Universidad Autónoma de Santo Domingo |
| 830 #0 - ASIENTO SECUNDARIO DE SERIE--TÍTULO UNIFORME |
| Título uniforme |
Publicaciones de la Universidad Autónoma de Santo Domingo ; |
| Volume number/sequential designation |
170 |
| 830 #0 - ASIENTO SECUNDARIO DE SERIE--TÍTULO UNIFORME |
| Título uniforme |
Historia y Sociedad |
| Número de la parte o sección de una obra |
16 |
| 910 ## - VALIDACIÓN |
| Validación |
Validado. Control de calidad BNPHU |
| 942 ## - ADDED ENTRY ELEMENTS (KOHA) |
| Source of classification or shelving scheme |
Dewey Decimal Classification |
| Koha item type |
Libros |
| 945 ## - INFORMACIÓN DE PROCESAMIENTO LOCAL |
| Información de procesamiento local |
Inventariado / 2017 VM |
| 956 ## - LOCAL ELECTRONIC LOCATION AND ACCESS (OCLC) |
| Nombre de host |
VMATEO |
| Número de acceso |
10 |
| Información de compresión |
20110329 |
| Inicio de sesión |
BPMSU |
| Procesador de solicitud |
0069 |